[Event "IBCA Wch blind 12th"]
[Site "Belgrade"]
[Date "2010.08.26"]
[Round "1.16"]
[White "Oza, Rajesh"]
[Black "Nizam, Rasim"]
[Result "0-1"]
[WhiteElo "1864"]
[BlackElo "2220"]
[PlyCount "70"]
[EventDate "2010.08.26"]
[EventType "swiss"]
[EventRounds "9"]
[EventCountry "SRB"]
[SourceTitle "EXT 2011"]
[Source "ChessBase"]
[SourceDate "2010.11.26"]
[SourceVersion "1"]
[SourceVersionDate "2010.11.26"]
[SourceQuality "1"]

1. Nf3 Nf6 2. g3 b6 3. Bg2 Bb7 4. d3 g6 5. 0-0 Bg7 6. Nbd2 d6 7. e4 Nbd7 8. a4 a5 9. Re1 e5 10. Nc4 0-0 11. Ne3 Nc5 12. Nd2 Ne6 13. Nb3 Qd7 14. Bd2 Bc6 15. Bc3 Bxa4 16. Nd2 Bc6 17. Ndc4 Nd4 18. f4 exf4 19. gxf4 Nh5 20. Rf1 Rad8 21. f5 Be5 22. Ng4 f6 23. Kh1 Qg7 24. Bxd4 Bxd4 25. c3 Be5 26. Qd2 g5 27. Qd1 Nf4 28. Bf3 Bb5 29. Qb3 Bxc4 30. Qxc4+ Kh8 31. d4 d5 32. exd5 Bd6 33. Rae1 h5 34. Nf2 g4 35. Bg2 g3 0-1

[Event "IBCA-ol blind 13th"]
[Site "Heraklion"]
[Date "2008.10.25"]
[Round "6.1"]
[White "Oza, Rajesh"]
[Black "Cajzler, Hinko"]
[Result "0-1"]
[WhiteElo "1916"]
[BlackElo "2171"]
[PlyCount "110"]
[EventDate "2008.10.19"]
[EventType "team-swiss"]
[EventRounds "9"]
[EventCountry "GRE"]
[SourceTitle "EXT 2010"]
[Source "ChessBase"]
[SourceDate "2010.11.25"]
[SourceVersion "1"]
[SourceVersionDate "2010.11.25"]
[SourceQuality "1"]
[WhiteTeam "India (blind)"]
[BlackTeam "Croatia (blind)"]
[WhiteTeamCountry "IND"]
[BlackTeamCountry "CRO"]

1. Nf3 d5 2. g3 c6 3. Bg2 Nf6 4. d3 h6 5. Nbd2 Bf5 6. 0-0 e6 7. Qe1 Be7 8. e4 dxe4 9. dxe4 Bh7 10. Qe2 0-0 11. Rd1 Qc7 12. e5 Nd5 13. Ne4 Nd7 14. c4 N5b6 15. Nd6 Rad8 16. c5 Nxc5 17. Be3 Ncd7 18. Bf4 Nd5 19. Nd4 Nxf4 20. gxf4 Nb6 21. Ne4 Nd5 22. Qg4 Kh8 23. Ng3 Rg8 24. f5 Qxe5 25. fxe6 Nf6 26. Qe2 Qxe2 27. Ngxe2 fxe6 28. Nxe6 Rd6 29. Rxd6 Bxd6 30. Rd1 Be5 31. Nd8 Rf8 32. Nxb7 Ng4 33. Rd8 Bxh2+ 34. Kh1 Rxd8 35. Nxd8 Bc7 36. Nxc6 Nxf2+ 37. Kg1 Bb6 38. Kf1 Nd1 39. Ne5 Ne3+ 40. Kg1 Ng4+ 41. Kf1 Nxe5 42. Nf4 Nd3 43. Nxd3 Bxd3+ 44. Ke1 Be3 45. b4 h5 46. a4 g5 47. b5 g4 48. Bc6 Kg7 49. a5 Kf6 50. Kd1 h4 51. Ke1 h3 52. b6 axb6 53. a6 Bxa6 54. Be4 Ke5 55. Bc6 g3 0-1

[Event "IBCA Wch blind 11th"]
[Site "Goa"]
[Date "2006.10.17"]
[Round "8"]
[White "Eros, Pal"]
[Black "Oza, Rajesh"]
[Result "1/2-1/2"]
[WhiteElo "2089"]
[BlackElo "1929"]
[PlyCount "25"]
[EventDate "2006.10.09"]
[EventType "swiss"]
[EventRounds "9"]
[EventCountry "IND"]
[SourceTitle "CBM 114 Extra"]
[Source "ChessBase"]
[SourceDate "2006.11.03"]
[SourceVersion "1"]
[SourceVersionDate "2006.11.03"]
[SourceQuality "1"]

1. e4 c5 2. Nf3 Nc6 3. d4 cxd4 4. Nxd4 g6 5. Nc3 Bg7 6. Be3 Nf6 7. Be2 0-0 8. 0-0 d5 9. exd5 Nxd5 10. Nxd5 Qxd5 11. Bf3 Qa5 12. Nxc6 bxc6 13. c3 1/2-1/2

[Event "IBCA-ol blind 12th"]
[Site "La Pineda"]
[Date "2004.11.06"]
[Round "4.1"]
[White "Oza, Rajesh"]
[Black "Zhunusov, Murat"]
[Result "0-1"]
[WhiteElo "1903"]
[BlackElo "2217"]
[PlyCount "112"]
[EventDate "2004.11.03"]
[EventType "team-swiss"]
[EventRounds "9"]
[EventCountry "ESP"]
[SourceTitle "EXT 2010"]
[Source "ChessBase"]
[SourceDate "2010.11.25"]
[SourceVersion "1"]
[SourceVersionDate "2010.11.25"]
[SourceQuality "1"]
[WhiteTeam "India (blind)"]
[BlackTeam "Kazakhstan (blind)"]
[WhiteTeamCountry "IND"]
[BlackTeamCountry "KAZ"]

1. e4 e5 2. Nf3 Nc6 3. Bb5 Nf6 4. 0-0 Nxe4 5. d4 Nd6 6. Bxc6 dxc6 7. dxe5 Nf5 8. Qxd8+ Kxd8 9. Nc3 Ne7 10. Bg5 h6 11. Rad1+ Ke8 12. Bxe7 Bxe7 13. h3 Bb4 14. Ne2 Be6 15. c3 Be7 16. Ned4 Bxa2 17. b3 c5 18. Nb5 Bd8 19. Nd2 c4 20. bxc4 a6 21. Nd4 b5 22. cxb5 axb5 23. Nxb5 Ra5 24. Nd4 Rxe5 25. Nc6 Re6 26. Nxd8 Kxd8 27. Nb3+ Kc8 28. Nd4 Ra6 29. Rd2 g6 30. Ra1 Bc4 31. Rxa6 Bxa6 32. Ra2 Bb7 33. f3 Rd8 34. Kf2 Rd5 35. Re2 Kd7 36. Rb2 Ba6 37. Ra2 Rd6 38. Ke3 c5 39. Nb3 Bc4 40. Ra7+ Kc6 41. Na5+ Kb5 42. Nxc4 Kxc4 43. Rxf7 Kxc3 44. Rc7 Re6+ 45. Kf4 c4 46. g4 Kd3 47. h4 c3 48. h5 g5+ 49. Kf5 Rd6 50. f4 gxf4 51. Kxf4 Rd4+ 52. Kf5 Rc4 53. Rd7+ Ke2 54. Re7+ Kf2 55. Ra7 c2 56. Ra2 Kg3 0-1

[Event "IBCA-ol blind 12th"]
[Site "La Pineda"]
[Date "2004.11.03"]
[Round "1.1"]
[White "Grigorchuk, Sergey"]
[Black "Oza, Rajesh"]
[Result "1-0"]
[WhiteElo "2229"]
[BlackElo "1903"]
[PlyCount "49"]
[EventDate "2004.11.03"]
[EventType "team-swiss"]
[EventRounds "9"]
[EventCountry "ESP"]
[SourceTitle "EXT 2010"]
[Source "ChessBase"]
[SourceDate "2010.11.25"]
[SourceVersion "1"]
[SourceVersionDate "2010.11.25"]
[SourceQuality "1"]
[WhiteTeam "Ukraine (blind)"]
[BlackTeam "India (blind)"]
[WhiteTeamCountry "UKR"]
[BlackTeamCountry "IND"]

1. d4 Nf6 2. c4 g6 3. Nc3 Bg7 4. e4 d6 5. Nf3 0-0 6. Be2 e5 7. 0-0 Nc6 8. d5 Ne7 9. Ne1 a5 10. Be3 Ne8 11. c5 f5 12. f3 Rf7 13. cxd6 cxd6 14. Qb3 Nf6 15. Bb6 Qf8 16. Nb5 Ne8 17. Nc7 Nxc7 18. Bxc7 fxe4 19. fxe4 Nf5 20. exf5 Rxc7 21. fxg6 Qe8 22. gxh7+ Kxh7 23. Nf3 Bh6 24. Nd2 Qg6 25. Bd3 1-0

[Event "IBCA Wch blind 10th"]
[Site "Istanbul"]
[Date "2002.11.26"]
[Round "7"]
[White "Oza, Rajesh"]
[Black "Altinok, Kerim Osman"]
[Result "0-1"]
[WhiteElo "1800"]
[BlackElo "1800"]
[PlyCount "70"]
[EventDate "2002.11.20"]
[EventType "swiss"]
[EventRounds "9"]
[EventCountry "TUR"]
[SourceTitle "EXT 2004"]
[Source "ChessBase"]
[SourceDate "2003.11.25"]
[SourceVersion "1"]
[SourceVersionDate "2003.11.25"]
[SourceQuality "1"]

1. e4 d6 2. d4 Nf6 3. f3 g6 4. c4 Bg7 5. Nc3 c6 6. Bg5 h6 7. Be3 0-0 8. Qd2 Kh7 9. g4 Ng8 10. h4 e5 11. Nge2 Qc7 12. Rd1 Nd7 13. f4 Ndf6 14. g5 Ng4 15. gxh6 N8xh6 16. dxe5 Nxe3 17. Qxe3 dxe5 18. h5 Bg4 19. hxg6+ fxg6 20. Qg3 Bxe2 21. Bxe2 exf4 22. Qg4 Rad8 23. Rxd8 Qxd8 24. Qg2 Qd4 25. Rg1 Rf6 26. e5 f3 27. Bxf3 Qxe5+ 28. Be2 Re6 29. Kd2 Qe3+ 30. Kd1 Rd6+ 31. Kc2 Rd2+ 32. Kb1 Rxb2+ 33. Ka1 Bxc3 34. Qxg6+ Kh8 35. Rd1 Rb3# 0-1

[Event "IBCA Wch blind 10th"]
[Site "Istanbul"]
[Date "2002.11.22"]
[Round "3"]
[White "Oza, Rajesh"]
[Black "Ross, Chris Neil"]
[Result "0-1"]
[WhiteElo "1800"]
[BlackElo "2100"]
[PlyCount "124"]
[EventDate "2002.11.20"]
[EventType "swiss"]
[EventRounds "9"]
[EventCountry "TUR"]
[SourceTitle "EXT 2004"]
[Source "ChessBase"]
[SourceDate "2003.11.25"]
[SourceVersion "1"]
[SourceVersionDate "2003.11.25"]
[SourceQuality "1"]

1. e4 c5 2. Nf3 e6 3. d3 Nc6 4. g3 d5 5. Nbd2 Bd6 6. Bg2 Nge7 7. 0-0 0-0 8. Re1 b5 9. Nf1 a5 10. h4 Bc7 11. c3 f6 12. d4 c4 13. N1h2 b4 14. e5 f5 15. Ng5 Qe8 16. Bf4 Bd7 17. Qf3 Bd8 18. Nh3 Nc8 19. h5 Nb6 20. g4 fxg4 21. Qxg4 Ne7 22. Bg5 Nf5 23. Nf4 Bxg5 24. Qxg5 Qd8 25. Qg4 Qh4 26. f3 Qxg4 27. fxg4 Nxd4 28. Nxd5 Nxd5 29. cxd4 Rf4 30. Rad1 Ba4 31. Rd2 c3 32. bxc3 bxc3 33. Rd3 Rc8 34. Rc1 c2 35. Bxd5 exd5 36. Nf3 Rb8 37. Nd2 Rb2 38. a3 h6 39. Kg2 Bb5 40. Rb3 Rxb3 41. Nxb3 Bd3 42. Kg3 Rf8 43. Re1 Be4 44. Nd2 Rc8 45. Rc1 Rc3+ 46. Kf4 Bh7 47. e6 Rxa3 48. Ke5 Rd3 49. e7 Re3+ 50. Kd6 Bd3 51. Kd7 Kf7 52. Nf3 Rxe7+ 53. Kd6 Be4 54. Ne1 Re6+ 55. Kc5 Re8 56. Kb5 Rc8 57. Kxa5 Kf6 58. Kb4 Kg5 59. Kb3 Kxg4 60. Kb2 Kxh5 61. Ra1 c1Q+ 62. Rxc1 Rxc1 0-1

[Event "IBCA Wch blind 10th"]
[Site "Istanbul"]
[Date "2002.11.20"]
[Round "1"]
[White "Oza, Rajesh"]
[Black "Lindenmair, Anton"]
[Result "0-1"]
[WhiteElo "1800"]
[BlackElo "2130"]
[PlyCount "44"]
[EventDate "2002.11.20"]
[EventType "swiss"]
[EventRounds "9"]
[EventCountry "TUR"]
[SourceTitle "EXT 2004"]
[Source "ChessBase"]
[SourceDate "2003.11.25"]
[SourceVersion "1"]
[SourceVersionDate "2003.11.25"]
[SourceQuality "1"]

1. e4 e5 2. Nf3 Nf6 3. Nxe5 d6 4. Nf3 Nxe4 5. d4 d5 6. Bd3 Nc6 7. 0-0 Bg4 8. c3 Be7 9. Nbd2 f5 10. Qb3 0-0 11. Qxb7 Rf6 12. Qb3 Rb8 13. Qc2 Bd6 14. h3 Nxd2 15. Nxd2 Bxh3 16. f3 Rg6 17. Rf2 Qh4 18. Nf1 Rf8 19. Bd2 Rff6 20. Re1 Qxf2+ 21. Kxf2 Rxg2+ 22. Ke3 f4# 0-1